000 00364pab a2200145 454500
008 180718b1997 xxu||||| |||| 00| 0 eng d
100 _aTiwari, Arvind
245 _aChild labour in India: ways and means to tackle the malady
260 _c1997
300 _ap.186-95
362 _aSep-Dec
650 _aChild labour
773 _aSocial Change
909 _a42949
999 _c42949
_d42949